Inovačná aktivita ako faktor konkurenčnej schopnosti podniku dizertačná práca
Na minha lista:
| Autor principal: | |
|---|---|
| Autor Corporativo: | |
| Outros Autores: | |
| Formato: | Livro |
| Idioma: | eslovaco |
| Publicado em: |
Košice
2013
|
| Assuntos: | |
| Tags: |
Sem tags, seja o primeiro a adicionar uma tag!
|
MARC
| LEADER | 00000nbm a2200000 4500 | ||
|---|---|---|---|
| 001 | 0180797 | ||
| 005 | 20240502073106.4 | ||
| 041 | 0 | |a slo | |
| 044 | |a SK | ||
| 245 | 1 | 0 | |a Inovačná aktivita ako faktor konkurenčnej schopnosti podniku |b dizertačná práca |c Štefan Hičák ; školiteľ: Peter Mesároš |
| 264 | 1 | |a Košice |c 2013 | |
| 300 | |a 140 s. | ||
| 610 | 2 | 0 | |a konkurencieschopnosť |
| 610 | 2 | 0 | |a inovácia |
| 610 | 2 | 0 | |a inovácia výrobkov |
| 610 | 2 | 0 | |a výhody konkurenčné |
| 100 | 1 | |a Hičák, Štefan, 1983- | |
| 700 | 1 | |a Mesároš, Peter | |
| 710 | 2 | |a Podnikovohospodárska fakulta EU so sídlom v Košiciach. Katedra manažmentu | |